The Orchid Collection

Bibliographic Details
Format: Book
Published: Petaling Jaya : Flo Enterprise Sdn.Bhd , 2000
Subjects:

MARC

LEADER 00000cam a2200000 7i4500
001 0000045842
005 20040607.0
008 040607s2000
020 |a 9679713741 
090 0 0 |a J 823 MOR 
245 0 4 |a The Orchid Collection 
260 |a Petaling Jaya :   |b Flo Enterprise Sdn.Bhd ,   |c 2000 
300 |a 52p :   |b ill ;   |c 18cm. 
650 0 0 |a English Fiction 
999 |a 0000138265   |b Buku   |c Koleksi Pinjaman Kanak-Kanak   |e Perbadanan Perpustakaan Awam Melaka 
999 |a 138915   |b Buku   |c Koleksi Pinjaman Kanak-Kanak   |e Perbadanan Perpustakaan Awam Melaka